<?xml version="1.0" encoding="UTF-8"?>
<record
    xmlns:xsi="http://www.w3.org/2001/XMLSchema-instance"
    xsi:schemaLocation="http://www.loc.gov/MARC21/slim http://www.loc.gov/standards/marcxml/schema/MARC21slim.xsd"
    xmlns="http://www.loc.gov/MARC21/slim">

  <leader>00206nam a22000857a 4500</leader>
  <controlfield tag="001">1301007</controlfield>
  <controlfield tag="005">20260424084012.0</controlfield>
  <datafield tag="245" ind1=" " ind2=" ">
    <subfield code="a">Zaman Yolcular&#x131; &#xC7;anakkale </subfield>
    <subfield code="c">MUSTAFA ORAK&#xC7;I</subfield>
  </datafield>
  <datafield tag="260" ind1=" " ind2=" ">
    <subfield code="b">GEN&#xC7; T&#x130;MA&#x15E;  YAY.</subfield>
  </datafield>
  <datafield tag="999" ind1=" " ind2=" ">
    <subfield code="c">1301007</subfield>
    <subfield code="d">1301007</subfield>
  </datafield>
  <datafield tag="952" ind1=" " ind2=" ">
    <subfield code="0">0</subfield>
    <subfield code="1">0</subfield>
    <subfield code="2">ddc</subfield>
    <subfield code="4">0</subfield>
    <subfield code="7">0</subfield>
    <subfield code="a">1009</subfield>
    <subfield code="b">1009</subfield>
    <subfield code="d">2026-04-24</subfield>
    <subfield code="l">1</subfield>
    <subfield code="o">M-1</subfield>
    <subfield code="p">10091002377</subfield>
    <subfield code="q">2026-05-09</subfield>
    <subfield code="r">2026-04-24 08:47:14</subfield>
    <subfield code="s">2026-04-24</subfield>
    <subfield code="w">2026-04-24</subfield>
    <subfield code="y">BK</subfield>
  </datafield>
</record>
